How to grow leaders : the seven key principles of effective leadership development

Bibliographic Details
Main Author: Adair, John
Format: Book
Published: United States : Kogan Page Limited , 2005
Subjects:

MARC

LEADER 00000cam a2200000 7i4500
001 0000015629
005 20080401.0
008 080401
020 |a 0749443634 
090 0 0 |a 658.4092   |b ADA 
100 1 |a Adair, John 
245 1 0 |a How to grow leaders :   |b the seven key principles of effective leadership development   |c John Adair 
260 |a United States :   |b Kogan Page Limited ,   |c 2005 
650 0 |a Executive ability 
650 0 |a Executives   |x Training of 
650 0 |a Leadership 
999 |a 0001018421   |b Book   |c Adult Collection   |e Perbadanan Perpustakaan Awam Johor 
999 |a 0001070235   |b Book   |c Adult Collection   |e Cawangan Taman Sri Lambak